[Event "ch-ISL 2015"]
[Site "Reykjavik ISL"]
[Date "2015.05.14"]
[Round "1.1"]
[White "Hjartarson, Johann"]
[Black "Ptacnikova, Lenka"]
[Result "1-0"]
[WhiteTitle "GM"]
[BlackTitle "WGM"]
[WhiteElo "2566"]
[BlackElo "2284"]
[WhiteFideId "2300044"]
[BlackFideId "305650"]
[EventDate "2015.05.14"]

1. Nf3 Nf6 2. c4 e6 3. Nc3 d5 4. d4 Be7 5. Bg5 O-O 6. Qc2 b6 7. cxd5 exd5 8. e3
Bb7 9. Bd3 h6 10. Bxf6 Bxf6 11. O-O Re8 12. Rfd1 Nd7 13. b4 c5 14. bxc5 bxc5 15.
Rab1 cxd4 16. Rxb7 Nc5 17. Bh7+ Kh8 18. Rb5 Rc8 19. exd4 Ne4 20. Bxe4 dxe4 21.
Ne5 Bxe5 22. Rxe5 Rxe5 23. dxe5 Qc7 24. Rc1 Qxe5 25. Qd2 f5 26. g3 Qa5 27. h4
Rc4 28. Kf1 Qb4 29. Qe3 f4 30. gxf4 Qe7 31. Nd5 1-0

[Event "ch-ISL 2015"]
[Site "Reykjavik ISL"]
[Date "2015.05.14"]
[Round "1.2"]
[White "Sigfusson, Sigurdur"]
[Black "Stefansson, Hannes"]
[Result "1/2-1/2"]
[WhiteTitle "FM"]
[BlackTitle "GM"]
[WhiteElo "2319"]
[BlackElo "2590"]
[WhiteFideId "2300168"]
[BlackFideId "2300087"]
[EventDate "2015.05.14"]

1. e4 c5 2. Nf3 e6 3. d4 cxd4 4. Nxd4 a6 5. Nc3 d6 6. Bd3 Nf6 7. O-O Be7 8. Kh1
Nc6 9. Nxc6 bxc6 10. f4 Nd7 11. e5 dxe5 12. fxe5 Nxe5 13. Qh5 Bf6 14. Ne4 Ra7
15. Be3 Rd7 16. Rxf6 Rxd3 17. cxd3 gxf6 18. Rf1 f5 19. Bg5 Qd4 20. Nf6+ Kd8 21.
Ng4+ Ke8 22. Nf6+ Kd8 23. Ng4+ Ke8 1/2-1/2

[Event "ch-ISL 2015"]
[Site "Reykjavik ISL"]
[Date "2015.05.14"]
[Round "1.3"]
[White "Arnason, Jon L"]
[Black "Thorfinnsson, Bjorn"]
[Result "1/2-1/2"]
[WhiteTitle "GM"]
[BlackTitle "IM"]
[WhiteElo "2499"]
[BlackElo "2407"]
[WhiteFideId "2300036"]
[BlackFideId "2300982"]
[EventDate "2015.05.14"]

1. e4 e5 2. Nf3 Nc6 3. Bb5 Nge7 4. Nc3 g6 5. d4 exd4 6. Nd5 Bg7 7. Bg5 h6 8. Bf6
Kf8 9. O-O Bxf6 10. Nxf6 d5 11. Bxc6 Nxc6 12. Nxd5 Be6 13. Nxd4 Bxd5 14. exd5
Qxd5 15. Nxc6 Qxc6 16. Qd4 Rh7 17. Rad1 f6 18. Rd3 Re7 19. Rc3 Qb6 20. Qc4 c6
21. Rb3 Qc7 22. h4 h5 23. Rg3 Kg7 24. Rd1 Rd8 25. Rd4 Rxd4 26. Qxd4 Re1+ 27. Kh2
Qe7 28. Re3 Rxe3 29. fxe3 Qc7+ 30. g3 b6 31. Kg2 Qf7 32. c4 Qe6 33. b3 c5 34.
Qd3 Qc6+ 35. Kf2 Kf7 36. e4 Qc7 37. Qd5+ Kg7 38. Qe6 Qe5 1/2-1/2

[Event "ch-ISL 2015"]
[Site "Reykjavik ISL"]
[Date "2015.05.14"]
[Round "1.4"]
[White "Steingrimsson, Hedinn"]
[Black "Thorfinnsson, Bragi"]
[Result "1-0"]
[WhiteTitle "GM"]
[BlackTitle "IM"]
[WhiteElo "2532"]
[BlackElo "2416"]
[WhiteFideId "2300117"]
[BlackFideId "2300958"]
[EventDate "2015.05.14"]

1. d4 Nf6 2. c4 b6 3. f3 Nc6 4. Nc3 e5 5. d5 Na5 6. e4 Nb7 7. Bd3 Bc5 8. Nge2
Nh5 9. a3 Qh4+ 10. g3 Qh3 11. b4 Be7 12. Kf2 d6 13. Ng1 Qd7 14. c5 Qd8 15. c6
Nc5 16. bxc5 dxc5 17. Nge2 O-O 18. g4 Nf6 19. Ng3 Ne8 20. Kg2 Kh8 21. a4 a5 22.
Ra2 g6 23. f4 Bf6 24. Nb5 exf4 25. Bxf4 Bg7 26. Rf2 Ba6 27. h4 Qe7 28. h5 Bxb5
29. axb5 Bd4 30. Rf3 a4 31. hxg6 fxg6 32. e5 Qf7 33. e6 Qxf4 34. Rxf4 Rxf4 35.
Qd2 Rf2+ 36. Qxf2 Bxf2 37. Kxf2 Kg7 38. Ne4 a3 39. Ra1 Nf6 40. d6 c4 41. Nxf6
Kxf6 42. Bxc4 cxd6 43. Ba2 1-0

[Event "ch-ISL 2015"]
[Site "Reykjavik ISL"]
[Date "2015.05.14"]
[Round "1.5"]
[White "Jensson, Einar Hjalti"]
[Black "Gretarsson, Hjorvar Steinn"]
[Result "0-1"]
[WhiteTitle "FM"]
[BlackTitle "GM"]
[WhiteElo "2359"]
[BlackElo "2561"]
[WhiteFideId "2301067"]
[BlackFideId "2302241"]
[EventDate "2015.05.14"]

1. d4 f5 2. c4 d6 3. Nc3 Nf6 4. Nf3 g6 5. g3 Bg7 6. Bg2 O-O 7. O-O c6 8. b3 Na6
9. Bb2 Qc7 10. d5 e5 11. dxe6 Bxe6 12. Ng5 Rae8 13. Nxe6 Rxe6 14. Qc2 Nc5 15. e3
Nfe4 16. Ne2 Ree8 17. b4 Bxb2 18. Qxb2 Nd3 19. Qa3 Ne5 20. Rfd1 Nxc4 21. Qxa7 d5
22. Qd4 Na3 23. Rdc1 Qe7 24. Nf4 Ra8 25. Nd3 Nb5 26. Qb2 Ra3 27. Ne1 Qg7 28.
Qxg7+ Kxg7 29. Nc2 Ra4 30. Bf1 Nbc3 31. Nd4 Rfa8 32. f3 Rxa2 33. fxe4 Rxa1 34.
Rxc3 fxe4 35. Kg2 R8a3 36. Rxa3 Rxa3 37. Kf2 Kf6 38. Be2 Ra2 39. b5 c5 40. Nb3
b6 41. Kf1 Rb2 42. Bd1 Rxh2 43. Be2 Rh1+ 44. Kf2 Rb1 45. Nd2 Rb2 46. Ke1 Ke5 47.
Kd1 c4 0-1

[Event "ch-ISL 2015"]
[Site "Reykjavik ISL"]
[Date "2015.05.14"]
[Round "1.6"]
[White "Danielsen, Henrik"]
[Black "Kjartansson, Gudmundur"]
[Result "1/2-1/2"]
[WhiteTitle "GM"]
[BlackTitle "IM"]
[WhiteElo "2520"]
[BlackElo "2474"]
[WhiteFideId "1400185"]
[BlackFideId "2301318"]
[EventDate "2015.05.14"]

1. d4 d5 2. Nf3 Nf6 3. c4 e6 4. cxd5 exd5 5. Nc3 c6 6. Bg5 Be7 7. e3 Bf5 8. Bxf6
Bxf6 9. Bd3 Bxd3 10. Qxd3 Be7 11. O-O O-O 12. Rab1 a5 13. a3 Nd7 14. Rfc1 a4 15.
b4 axb3 16. Rxb3 b5 17. Nb1 Ra6 18. Rbc3 Qa8 19. g3 Qb7 20. Qf5 g6 21. Qf4 Rfa8
22. Ne5 Nxe5 23. Qxe5 c5 24. Rxc5 Bxc5 25. dxc5 Re6 26. Qb2 Rea6 27. h4 h5 28.
Rc3 Re8 29. Rc1 Rea8 30. Rc2 Qc6 31. Rc3 Re8 32. Rc1 1/2-1/2

[Event "ch-ISL 2015"]
[Site "Reykjavik ISL"]
[Date "2015.05.15"]
[Round "2.1"]
[White "Kjartansson, Gudmundur"]
[Black "Ptacnikova, Lenka"]
[Result "1/2-1/2"]
[WhiteTitle "IM"]
[BlackTitle "WGM"]
[WhiteElo "2474"]
[BlackElo "2284"]
[WhiteFideId "2301318"]
[BlackFideId "305650"]
[EventDate "2015.05.14"]

1. d4 Nf6 2. c4 e6 3. Nc3 Bb4 4. Qc2 O-O 5. a3 Bxc3+ 6. Qxc3 b6 7. Bg5 Bb7 8. e3
d6 9. Ne2 Nbd7 10. Qc2 h6 11. Bh4 c5 12. Rd1 Qc7 13. Nc3 a6 14. Qd2 cxd4 15.
Qxd4 d5 16. cxd5 Nxd5 17. Nxd5 Bxd5 18. e4 Bc6 19. f3 Rfc8 20. Be2 e5 21. Qd6
Ba4 22. Qxc7 Rxc7 23. Rd6 Rc1+ 24. Bd1 Rxd1+ 25. Rxd1 Bxd1 26. Kxd1 Rc8 27. Re1
f6 28. Re2 Kf7 29. Bf2 Ke6 30. Rd2 Rc6 31. Rd3 Rd6 32. Kc2 Rxd3 33. Kxd3 Kd6 34.
Kc4 Kc6 35. Be3 Nf8 36. g3 Ne6 37. f4 h5 38. f5 Ng5 39. Kd3 Nf7 40. Bd2 a5 41.
a4 Nd6 42. b4 axb4 43. Bxb4 Nb7 44. Bf8 Nc5+ 45. Ke3 Nd7 46. Be7 Nc5 47. Bf8 Nd7
48. Bxg7 Kd6 49. Kf3 Ke7 50. Bh6 Nc5 51. Bd2 Nxa4 52. Bb4+ Kf7 53. g4 hxg4+ 54.
Kxg4 Nc5 55. Kf3 Kg7 56. Ke3 Kh6 57. Bxc5 bxc5 58. Kd3 Kg5 59. h4+ Kxh4 60. Kc4
Kg4 61. Kxc5 Kf3 62. Kd5 Kf4 63. Ke6 Kxe4 64. Kxf6 Kd4 65. Kg7 e4 66. f6 e3 67.
f7 e2 68. f8=Q e1=Q 69. Qf6+ Qe5 70. Qxe5+ Kxe5 1/2-1/2

[Event "ch-ISL 2015"]
[Site "Reykjavik ISL"]
[Date "2015.05.15"]
[Round "2.2"]
[White "Gretarsson, Hjorvar Steinn"]
[Black "Hjartarson, Johann"]
[Result "1-0"]
[WhiteTitle "GM"]
[BlackTitle "GM"]
[WhiteElo "2561"]
[BlackElo "2566"]
[WhiteFideId "2302241"]
[BlackFideId "2300044"]
[EventDate "2015.05.14"]

1. d4 Nf6 2. c4 e6 3. Nf3 b6 4. g3 Ba6 5. Qc2 Bb7 6. Bg2 c5 7. d5 exd5 8. cxd5
Nxd5 9. O-O Nb4 10. Qb3 d5 11. a3 N4c6 12. Rd1 Na5 13. Qc2 Be7 14. Nc3 d4 15. b4
Nac6 16. b5 Na5 17. e3 O-O 18. exd4 c4 19. Ne5 Bxg2 20. Kxg2 a6 21. Qe4 Ra7 22.
Bf4 f5 23. Qf3 g5 24. Be3 g4 25. Qe2 axb5 26. Kg1 Qe8 27. Rab1 Nb3 28. Nxc4 bxc4
29. Qxc4+ Qf7 30. Qxf7+ Kxf7 31. Nb5 Nxd4 32. Nxd4 Nd7 33. Nxf5 Bxa3 34. Nh6+
Ke6 35. Bxb6 Ra4 36. Rd4 Rxd4 37. Bxd4 Kd5 38. Rd1 Ke6 39. Bg7 Rc8 40. Re1+ Kd6
41. Nxg4 Bc5 42. Kg2 Ra8 43. Re2 Ra3 44. f4 h5 45. Nf6 Nxf6 46. Bxf6 Be3 47. Kh3
Kd5 48. Be7 Rb3 49. Kh4 1-0

[Event "ch-ISL 2015"]
[Site "Reykjavik ISL"]
[Date "2015.05.15"]
[Round "2.3"]
[White "Thorfinnsson, Bragi"]
[Black "Jensson, Einar Hjalti"]
[Result "0-1"]
[WhiteTitle "IM"]
[BlackTitle "FM"]
[WhiteElo "2416"]
[BlackElo "2359"]
[WhiteFideId "2300958"]
[BlackFideId "2301067"]
[EventDate "2015.05.14"]

1. Nf3 d5 2. c4 c6 3. g3 dxc4 4. Bg2 Nf6 5. O-O Nbd7 6. Na3 Nb6 7. Ne5 Qd4 8.
Nexc4 Nxc4 9. Qa4 e5 10. Nxc4 e4 11. Qc2 Be6 12. d3 exd3 13. exd3 Rd8 14. Na5
Qxd3 15. Qxd3 Rxd3 16. Nxb7 Nd5 17. Na5 Kd7 18. Nc4 f6 19. b3 Bb4 20. Bb2 Bc3
21. Rad1 Rxd1 22. Rxd1 Bxb2 23. Nxb2 Re8 24. Na4 Kd6 25. Nc3 Re7 26. b4 Bf7 27.
a3 a5 28. Bf3 f5 29. h4 axb4 30. axb4 Re8 31. Kg2 Ke5 32. Bxd5 cxd5 33. Re1+ Kd4
34. Nb5+ Kd3 35. Rxe8 Bxe8 36. Nd6 Bd7 37. b5 d4 38. b6 Kc3 39. Kf1 Bc6 40. Nb5+
Bxb5+ 0-1

[Event "ch-ISL 2015"]
[Site "Reykjavik ISL"]
[Date "2015.05.15"]
[Round "2.4"]
[White "Thorfinnsson, Bjorn"]
[Black "Steingrimsson, Hedinn"]
[Result "0-1"]
[WhiteTitle "IM"]
[BlackTitle "GM"]
[WhiteElo "2407"]
[BlackElo "2532"]
[WhiteFideId "2300982"]
[BlackFideId "2300117"]
[EventDate "2015.05.14"]

1. Nf3 c5 2. g3 g6 3. Bg2 Bg7 4. c4 Nc6 5. Nc3 e6 6. b3 d5 7. Bb2 d4 8. Na4 Qd6
9. e3 Rb8 10. O-O Nge7 11. exd4 cxd4 12. a3 b5 13. cxb5 Rxb5 14. d3 O-O 15. Rc1
Bb7 16. b4 a5 17. Rc5 Ba6 18. Nd2 axb4 19. Qc2 Ne5 20. Ne4 Rxc5 21. Naxc5 Qc7
22. Rc1 Bxd3 23. Qd1 Bxe4 24. Nxe4 Qb8 25. axb4 Qxb4 26. Rb1 Rb8 27. Nd2 Qd6 28.
Qa4 Qd7 29. Qa1 N5c6 30. Rd1 e5 31. Ne4 h6 32. Ba3 Qa7 33. Qc1 Nb4 34. Nd6 Nbd5
35. Bc5 Qa2 36. Bf1 Nc3 37. Bc4 Qxc4 38. Nxc4 Ne2+ 39. Kf1 Nxc1 40. Bxe7 Na2 41.
Bd6 Re8 42. Bxe5 Bxe5 43. Re1 f6 44. f4 Rc8 45. Nb6 Rb8 46. Nc4 Bc7 47. Re7 Rc8
48. Rd7 Nc3 0-1

[Event "ch-ISL 2015"]
[Site "Reykjavik ISL"]
[Date "2015.05.15"]
[Round "2.5"]
[White "Stefansson, Hannes"]
[Black "Arnason, Jon L"]
[Result "1-0"]
[WhiteTitle "GM"]
[BlackTitle "GM"]
[WhiteElo "2590"]
[BlackElo "2499"]
[WhiteFideId "2300087"]
[BlackFideId "2300036"]
[EventDate "2015.05.14"]

1. d4 Nf6 2. c4 e6 3. Nf3 b6 4. g3 Ba6 5. Qc2 Bb4+ 6. Bd2 Be7 7. e4 d5 8. cxd5
Bxf1 9. Kxf1 exd5 10. e5 Ne4 11. Kg2 Qd7 12. Nc3 Nxd2 13. Nxd2 Nc6 14. Qa4 Bb4
15. Rac1 a6 16. Nf3 Bxc3 17. Rxc3 Nd8 18. Qa3 Ne6 19. Rd1 Qe7 20. Qb3 Qd7 21.
Qa3 Qe7 22. Qxe7+ Kxe7 23. Nh4 g6 24. f4 f5 25. exf6+ Kxf6 26. Rc6 Rhe8 27. g4
g5 28. fxg5+ Kxg5 29. Kg3 Rad8 30. Nf5 h5 31. h4+ Kg6 32. Re1 hxg4 33. Re5 Rd7
34. h5+ Kf7 35. Nh6+ Kf6 36. Nxg4+ Kf7 37. Rf5+ Kg7 38. Nf6 Rde7 39. Nxe8+ Rxe8
40. Re5 Kf7 41. Kh4 1-0

[Event "ch-ISL 2015"]
[Site "Reykjavik ISL"]
[Date "2015.05.15"]
[Round "2.6"]
[White "Danielsen, Henrik"]
[Black "Sigfusson, Sigurdur"]
[Result "1-0"]
[WhiteTitle "GM"]
[BlackTitle "FM"]
[WhiteElo "2520"]
[BlackElo "2319"]
[WhiteFideId "1400185"]
[BlackFideId "2300168"]
[EventDate "2015.05.14"]

1. c4 Nf6 2. Nc3 g6 3. g3 Bg7 4. Bg2 O-O 5. e4 d6 6. Nge2 e5 7. O-O Nc6 8. d3
Nd4 9. Nxd4 exd4 10. Ne2 c5 11. h3 Rb8 12. a4 Ne8 13. Bd2 f5 14. Kh2 fxe4 15.
Bxe4 Nf6 16. Bg2 Kh8 17. Qc2 Bd7 18. Rae1 Re8 19. b4 Bc6 20. Bxc6 bxc6 21. bxc5
dxc5 22. Nf4 Qd7 23. Qd1 g5 24. Ng2 Qf5 25. Bc1 Rxe1 26. Rxe1 g4 27. Nf4 gxh3
28. Nxh3 Rf8 29. Bf4 Ng4+ 30. Kg2 Be5 31. Re4 Bg7 32. Qe2 Nf6 33. Re5 Qc8 34.
Ng5 Ng4 35. Re7 Qf5 36. Qe6 1-0

[Event "ch-ISL 2015"]
[Site "Reykjavik ISL"]
[Date "2015.05.16"]
[Round "3.1"]
[White "Sigfusson, Sigurdur"]
[Black "Kjartansson, Gudmundur"]
[Result "1/2-1/2"]
[WhiteTitle "FM"]
[BlackTitle "IM"]
[WhiteElo "2319"]
[BlackElo "2474"]
[WhiteFideId "2300168"]
[BlackFideId "2301318"]
[EventDate "2015.05.14"]

1. e4 e5 2. Nf3 Nf6 3. Nc3 Nc6 4. d4 exd4 5. Nxd4 Bb4 6. Nxc6 bxc6 7. Bd3 d5 8.
exd5 cxd5 9. O-O O-O 10. Bg5 c6 11. Na4 h6 12. Bh4 Be7 13. Re1 Re8 14. h3 Be6
15. c3 Nd7 16. Bg3 Nb6 17. Bc2 Bd6 18. Qd3 g6 19. Nxb6 axb6 20. Bxd6 Qxd6 21.
Qe3 Kh7 22. Qxb6 Rab8 23. Qd4 Rxb2 24. Re2 Rb7 25. Rae1 Qf8 26. f4 c5 27. Qf2
Rd8 28. f5 Bc8 29. fxg6+ fxg6 30. Qh4 Rg7 31. Re7 Bf5 32. Bxf5 gxf5 33. Rxg7+
Kxg7 34. Re6 Kh7 35. Qh5 d4 36. cxd4 cxd4 37. Qg6+ Kh8 38. Qh5 Kh7 39. Qg6+ Kh8
40. Qh5 1/2-1/2

[Event "ch-ISL 2015"]
[Site "Reykjavik ISL"]
[Date "2015.05.16"]
[Round "3.2"]
[White "Arnason, Jon L"]
[Black "Danielsen, Henrik"]
[Result "1/2-1/2"]
[WhiteTitle "GM"]
[BlackTitle "GM"]
[WhiteElo "2499"]
[BlackElo "2520"]
[WhiteFideId "2300036"]
[BlackFideId "1400185"]
[EventDate "2015.05.14"]

1. e4 d6 2. Nc3 Nf6 3. f4 g6 4. Nf3 Bg7 5. d4 O-O 6. Bd3 Nc6 7. Bb5 e6 8. e5 Nd5
9. Ne4 f5 10. Nf2 Bd7 11. a4 a6 12. Be2 b5 13. c3 Nce7 14. axb5 axb5 15. Bd2 Bh6
16. Nd3 Nb6 17. b3 Rxa1 18. Qxa1 Qa8 19. Kf2 Qb7 20. Qb2 Ra8 21. Ra1 Ra7 22. Bc1
Ned5 23. Bd2 Qa8 24. Rxa7 Qxa7 25. h3 Qa8 26. g4 Bf8 27. Kg3 Be7 28. Nc1 dxe5
29. Nxe5 Nf6 30. Bf3 Ne4+ 31. Kg2 Bc8 32. c4 bxc4 33. bxc4 Ba3 34. Qa2 Bb7 35.
c5 Bd5 36. Qc2 Nxd2 37. Qxd2 Nc4 38. Nxc4 Bxf3+ 39. Kg3 Bd5 40. Qc3 Bxc1 41.
Qxc1 Qa4 42. Qb2 Qxc4 1/2-1/2

[Event "ch-ISL 2015"]
[Site "Reykjavik ISL"]
[Date "2015.05.16"]
[Round "3.3"]
[White "Steingrimsson, Hedinn"]
[Black "Stefansson, Hannes"]
[Result "0-1"]
[WhiteTitle "GM"]
[BlackTitle "GM"]
[WhiteElo "2532"]
[BlackElo "2590"]
[WhiteFideId "2300117"]
[BlackFideId "2300087"]
[EventDate "2015.05.14"]

1. d4 Nf6 2. c4 e6 3. Nc3 Bb4 4. Qc2 O-O 5. a3 Bxc3+ 6. Qxc3 b5 7. cxb5 a6 8. f3
Nd5 9. Qd2 f5 10. e3 f4 11. e4 Ne3 12. Qf2 Nxf1 13. Qxf1 d5 14. e5 axb5 15. b4
c5 16. dxc5 Nc6 17. Bb2 Rf5 18. Ne2 Nxe5 19. Nxf4 Nc4 20. Nd3 e5 21. g4 Rf8 22.
Bxe5 Nxe5 23. Nxe5 Qg5 24. Nd3 Bxg4 25. f4 Qh6 26. Kd2 Bf5 27. h4 d4 28. Qf3
Rad8 29. Rhf1 Rfe8 30. Qf2 Re3 31. Nc1 Qe6 32. Rg1 Re8 33. Qf1 Qe4 34. Ra2 Rc3
35. Ne2 Qd3+ 36. Ke1 0-1

[Event "ch-ISL 2015"]
[Site "Reykjavik ISL"]
[Date "2015.05.16"]
[Round "3.4"]
[White "Jensson, Einar Hjalti"]
[Black "Thorfinnsson, Bjorn"]
[Result "0-1"]
[WhiteTitle "FM"]
[BlackTitle "IM"]
[WhiteElo "2359"]
[BlackElo "2407"]
[WhiteFideId "2301067"]
[BlackFideId "2300982"]
[EventDate "2015.05.14"]

1. e4 e5 2. Nf3 Nc6 3. Bb5 a6 4. Ba4 f5 5. d3 fxe4 6. dxe4 Nf6 7. O-O Bc5 8.
Bxc6 bxc6 9. Nxe5 O-O 10. Qe2 d5 11. Be3 Bd6 12. Nxc6 Bxh2+ 13. Kxh2 Qe8 14.
exd5 Ng4+ 15. Kg3 Qh5 16. f4 Re8 17. Ne5 Rxe5 18. fxe5 Qxe5+ 19. Rf4 Nxe3 20.
Kf3 Bg4+ 21. Rxg4 Rf8+ 0-1

[Event "ch-ISL 2015"]
[Site "Reykjavik ISL"]
[Date "2015.05.16"]
[Round "3.5"]
[White "Hjartarson, Johann"]
[Black "Thorfinnsson, Bragi"]
[Result "0-1"]
[WhiteTitle "GM"]
[BlackTitle "IM"]
[WhiteElo "2566"]
[BlackElo "2416"]
[WhiteFideId "2300044"]
[BlackFideId "2300958"]
[EventDate "2015.05.14"]

1. e4 c6 2. d4 d5 3. e5 Bf5 4. Nf3 e6 5. Be2 Ne7 6. O-O Nd7 7. Nbd2 c5 8. c4
cxd4 9. Nxd4 Bg6 10. cxd5 Nxd5 11. Nc4 Bc5 12. Nb3 Be7 13. Bf3 N7b6 14. Nxb6
Qxb6 15. Bxd5 Rd8 16. Be3 Qb5 17. Nd4 Qxd5 18. Qa4+ Qd7 19. Qxa7 O-O 20. Rfc1
Be4 21. Qb6 Qd5 22. f3 Bg6 23. Qb5 Qxb5 24. Nxb5 Rd5 25. a4 Rxe5 26. Bd4 Re2 27.
Rc7 Bf6 28. Rxb7 Rd8 29. Bc3 h5 30. a5 Rc2 31. Bxf6 gxf6 32. Na3 Re2 33. Nc4 Bd3
34. a6 Bxc4 35. a7 Kg7 36. h4 Rdd2 37. Kh1 Rxg2 38. Rg1 Rxg1+ 39. Kxg1 Rd1+ 40.
Kf2 Ra1 41. b4 f5 42. f4 Ra3 43. b5 Bxb5 44. Rxb5 Rxa7 45. Rb6 Ra8 46. Rc6 Kf6
47. Kg3 Rg8+ 48. Kh3 Rg4 49. Rc4 Kg6 50. Ra4 Kg7 51. Rb4 Kf6 52. Ra4 Ke7 53. Rd4
Rg1 54. Ra4 Kf6 55. Rb4 Re1 56. Rb7 Rh1+ 57. Kg3 Rg1+ 58. Kh3 Kg6 59. Ra7 Rg4
60. Ra4 f6 61. Ra6 Kf7 62. Ra7+ Ke8 63. Ra6 Kd7 64. Ra4 Kd6 65. Ra6+ Kd5 0-1

[Event "ch-ISL 2015"]
[Site "Reykjavik ISL"]
[Date "2015.05.16"]
[Round "3.6"]
[White "Ptacnikova, Lenka"]
[Black "Gretarsson, Hjorvar Steinn"]
[Result "1-0"]
[WhiteTitle "WGM"]
[BlackTitle "GM"]
[WhiteElo "2284"]
[BlackElo "2561"]
[WhiteFideId "305650"]
[BlackFideId "2302241"]
[EventDate "2015.05.14"]

1. e4 e5 2. Nf3 Nc6 3. Bc4 g6 4. d4 exd4 5. c3 Bg7 6. cxd4 d6 7. d5 Nce7 8. Nd4
Nf6 9. Nc3 c6 10. dxc6 bxc6 11. O-O O-O 12. Bg5 h6 13. Bf4 Bb7 14. Re1 d5 15.
exd5 cxd5 16. Bb3 Ne4 17. Rc1 Rc8 18. Ndb5 Nxc3 19. bxc3 Nf5 20. Qd3 Qb6 21. Be5
Bxe5 22. Rxe5 a6 23. Rxf5 gxf5 24. Nd4 Qg6 25. Nxf5 Rfe8 26. Qh3 Re6 27. Nd4 Re5
28. f4 Ree8 29. Rf1 Rc7 30. Bc2 Qf6 31. Qd3 Kf8 32. f5 Kg8 33. Qg3+ 1-0

[Event "ch-ISL 2015"]
[Site "Reykjavik ISL"]
[Date "2015.05.17"]
[Round "4.1"]
[White "Kjartansson, Gudmundur"]
[Black "Gretarsson, Hjorvar Steinn"]
[Result "1/2-1/2"]
[WhiteTitle "IM"]
[BlackTitle "GM"]
[WhiteElo "2474"]
[BlackElo "2561"]
[WhiteFideId "2301318"]
[BlackFideId "2302241"]
[EventDate "2015.05.14"]

1. d4 d5 2. c4 e6 3. Nc3 Bb4 4. cxd5 exd5 5. Bf4 Nf6 6. e3 O-O 7. Bd3 c5 8. dxc5
Nbd7 9. Ne2 Nxc5 10. O-O Be6 11. a3 Nxd3 12. Qxd3 Be7 13. Rac1 Qb6 14. Qb5 Qxb5
15. Nxb5 Rfd8 16. Rc7 Rd7 17. Rfc1 a6 18. Nbd4 Rad8 19. Nxe6 fxe6 20. Nd4 Rxc7
21. Rxc7 Rd7 22. Nxe6 Kf7 23. Nd4 Rxc7 24. Bxc7 Nd7 25. Kf1 Bf6 26. Ke2 Nc5 27.
Bd6 Bxd4 28. exd4 Nb3 29. Kd3 Na5 30. Bc7 Nc6 31. Bb6 Ke6 32. g4 Ne7 33. Ke3 Nc6
34. Kf4 Kf6 35. h4 Kg6 36. f3 Kf6 37. Ke3 Ke6 38. Kf4 Kf6 39. Ke3 Ke6 40. Kd3
Kf6 41. Kc3 Ke6 42. b4 Kd6 43. a4 Ke6 44. b5 axb5 45. axb5 Nb8 46. Bc7 Nd7 47.
Kd3 Kf6 48. Ke3 Ke6 49. Kf4 Nf8 50. h5 Kf6 51. Be5+ Kf7 52. Bxg7 Ne6+ 53. Ke5
Nxg7 54. Kxd5 Ne6 55. b6 Ke7 56. h6 Nf8 57. f4 Nd7 58. g5 Nxb6+ 59. Kc5 Nd7+ 60.
Kb5 Kd6 61. g6 Nf6 62. gxh7 Nxh7 63. Kb6 1/2-1/2

[Event "ch-ISL 2015"]
[Site "Reykjavik ISL"]
[Date "2015.05.17"]
[Round "4.2"]
[White "Thorfinnsson, Bragi"]
[Black "Ptacnikova, Lenka"]
[Result "1-0"]
[WhiteTitle "IM"]
[BlackTitle "WGM"]
[WhiteElo "2416"]
[BlackElo "2284"]
[WhiteFideId "2300958"]
[BlackFideId "305650"]
[EventDate "2015.05.14"]

1. d4 Nf6 2. c4 e6 3. Nf3 Bb4+ 4. Nbd2 O-O 5. a3 Be7 6. e4 d6 7. Be2 c5 8. O-O
cxd4 9. Nxd4 Re8 10. Re1 a6 11. b4 b6 12. Bb2 Bb7 13. Bf1 Nbd7 14. Qb3 Bf8 15.
Qg3 g6 16. Rad1 Qc7 17. h3 Rac8 18. f4 Nh5 19. Qf2 e5 20. Ne2 a5 21. f5 axb4 22.
axb4 d5 23. exd5 Bxb4 24. Ne4 Bxe1 25. Rxe1 Nc5 26. N2c3 Qd8 27. Nxc5 bxc5 28.
Ne4 Nf4 29. f6 Ba6 30. Qh4 h5 31. Qg5 Kh7 32. g3 Bxc4 33. gxf4 exf4 34. Bxc4 Qa5
35. Bc3 Qa4 36. Qxf4 1-0

[Event "ch-ISL 2015"]
[Site "Reykjavik ISL"]
[Date "2015.05.17"]
[Round "4.3"]
[White "Thorfinnsson, Bjorn"]
[Black "Hjartarson, Johann"]
[Result "0-1"]
[WhiteTitle "IM"]
[BlackTitle "GM"]
[WhiteElo "2407"]
[BlackElo "2566"]
[WhiteFideId "2300982"]
[BlackFideId "2300044"]
[EventDate "2015.05.14"]

1. Nf3 Nf6 2. c4 g6 3. g3 Bg7 4. Bg2 O-O 5. O-O d6 6. d4 Nbd7 7. Nc3 e5 8. h3 a6
9. e4 exd4 10. Nxd4 Re8 11. Be3 Rb8 12. Qc2 c5 13. Nde2 b5 14. Rfd1 Qe7 15. cxb5
axb5 16. Bg5 h6 17. Nd5 Qf8 18. Bf4 Nxd5 19. Rxd5 Ne5 20. Rad1 Rb6 21. b4 Nc4
22. Nc3 Be6 23. bxc5 dxc5 24. e5 g5 25. Bc1 Nxe5 26. Be3 Bxd5 27. Nxd5 Rc6 28.
Nc3 Rb8 29. Bxc6 Nxc6 30. a4 b4 31. Nb5 Ne5 32. Bxc5 Qc8 33. Rd5 Nf3+ 34. Kf1
Qxh3+ 35. Ke2 Qe6+ 0-1

[Event "ch-ISL 2015"]
[Site "Reykjavik ISL"]
[Date "2015.05.17"]
[Round "4.4"]
[White "Stefansson, Hannes"]
[Black "Jensson, Einar Hjalti"]
[Result "1-0"]
[WhiteTitle "GM"]
[BlackTitle "FM"]
[WhiteElo "2590"]
[BlackElo "2359"]
[WhiteFideId "2300087"]
[BlackFideId "2301067"]
[EventDate "2015.05.14"]

1. e4 e5 2. Nf3 Nf6 3. Nxe5 d6 4. Nf3 Nxe4 5. c4 Be7 6. Nc3 Bf5 7. Nd5 Nf6 8.
Ne3 Be6 9. Nd4 Bd7 10. Ndf5 O-O 11. Be2 Nc6 12. b3 d5 13. Bb2 Bc5 14. cxd5 Nb4
15. O-O Bxf5 16. Nxf5 Qxd5 17. Ne3 Qg5 18. Rc1 Bd6 19. Rc4 b5 20. h4 Qh6 21. Ng4
Nxg4 22. Rxg4 f6 23. Bxb5 Rad8 24. Re1 Kh8 25. a3 c6 26. Bf1 Nd5 27. g3 Rd7 28.
Qc2 f5 29. Qxc6 Rc7 30. Qxd5 fxg4 31. Re6 Qxe6 32. Qxe6 Bc5 33. d4 Bb6 34. Bc4
Ba5 35. h5 Bd2 36. d5 Rcf7 37. h6 Bxh6 38. Qxh6 Kg8 39. Qe6 Kh8 40. Bd4 Rf6 41.
Bxf6 1-0